Countries With Most Cattle - Statistics

General Stats
  • This quiz has been taken 41 times
  • The average score is 13 of 17
Answer Stats
% of World Total Country % Correct
30.39 India
100%
9.37 United States
100%
22.64 Brazil
97%
10.03 China
97%
5.36 Argentina
94%
2.78 Australia
94%
1.21 Canada
94%
1.85 Russia
94%
1.65 Mexico
83%
0.38 Japan
69%
0.99 New Zealand
69%
0.70 Egypt
60%
1.41 Turkey
60%
0.38 Ukraine
51%
0.31 South Korea
49%
1.19 Uruguay
34%
0.43 Belarus
11%
No matching quizzes found
Score Distribution
Percent of People with Each Score
Percentile by Number Answered
Your Score History
You have not taken this quiz